00650nam a2200241 a 4500001001300000003000900013005001700022008004100039020001100080082001500091100001800106245002000124260002900144300000900173500003500182505001000217650001900227700001800246902000800264942000700272952011400279999001500393nice12345678IN_TiNIC20260116012241.0050524s1974 newa grp 000 0 eng  ac58.400a248.4bGIB aGibbard, Mark aDynamic of Love aNew YorkbMowbray c1974 a117p aincludes index and biblioraphy2 aNotes aChristian-Life1 aGibbard, Mark bSRS cBK 001040708StackRoom-aHMIbHMId2007-07-09g58.40l0o248.4 GIBp010186r2007-07-09v58.40w2005-05-24yBK c6240d6240